Statistiques concernant Les 20 villes les plus peuplées de Vendée

Cliquez ici pour prendre le quiz!

Statistiques générales

  • Ce quiz a été pris 647 fois
  • Le résultat moyen est 9 sur 20

Statistiques - réponses

PopulationVille% Correct
53 162La Roche-sur-Yon
100%
14 376Les Sables-d'Olonne
90%
16 032Les Herbiers
80%
19 668Challans
78%
13 609Fontenay-le-Comte
67%
9 313Luçon
61%
7 530Saint-Gilles-Croix-de-Vie
53%
8 977Aizenay
46%
8 275Chantonnay
43%
8 485Saint-Jean-de-Monts
39%
5 531Pouzauges
36%
8 607Essarts-en-Bocage
31%
14 863Olonne-sur-Mer
31%
11 435Saint-Hilaire-de-Riez
31%
8 331Le Poiré-sur-Vie
29%
7 286Talmont-Saint-Hilaire
20%
5 953Mortagne-sur-Sèvre
14%
5 833Bellevigny
9%
6 191Aubigny-les-Clouzeaux
5%
6 433Sèvremont
5%

Distribution des résultats

Percentile par nombre de réponses

% des personnes avec chaque résultat

Votre développement - résultats

Vous n’avez pas pris ce quiz